| 000 | 00362nam a2200145 i 4500 | ||
|---|---|---|---|
| 001 | bg | ||
| 100 | 1 | _aKORDOS, Marek | |
| 245 | 0 |
_aGeometria dla nauczycieli / _cMarek Kordos, Lesław W. Szczerba. |
|
| 260 |
_aWarszawa, _c1976. |
||
| 700 | 1 | _aSZCZERBA, Lesław W. | |
| 040 | _cBPK | ||
| 041 | _apol | ||
| 942 | _cKS | ||
| 008 | s pl f |000 0 pol | ||
| 999 |
_c16747 _d16747 |
||
| 856 |
_uhttp://koha.tu.koszalin.pl/cgi-bin/koha/opac-detail.pl?biblionumber=16747 _yKatalog online BPK |
||